Organic Chemistry (Record no. 613774)
[ view plain ]
| 000 -LEADER | |
|---|---|
| fixed length control field | 00813nam a22002297a 4500 |
| 003 - CONTROL NUMBER IDENTIFIER | |
| control field | NUST |
| 005 - DATE AND TIME OF LATEST TRANSACTION | |
| control field | 20250516155038.0 |
| 008 - FIXED-LENGTH DATA ELEMENTS--GENERAL INFORMATION | |
| fixed length control field | 250516b ||||| |||| 00| 0 eng d |
| 020 ## - INTERNATIONAL STANDARD BOOK NUMBER | |
| International Standard Book Number | 9789673498505 |
| 082 ## - DEWEY DECIMAL CLASSIFICATION NUMBER | |
| Edition number | 23 |
| Classification number | 547 |
| Author Mark | WAD |
| 100 ## - MAIN ENTRY--PERSONAL NAME | |
| Personal name | Leroy G. Wade, Jan W. Simek Maya Shankar Singh |
| 9 (RLIN) | 129027 |
| 245 ## - TITLE STATEMENT | |
| Title | Organic Chemistry |
| Statement of responsibility, etc. | Leroy G. Wade, Jan W. Simek Maya Shankar Singh |
| 250 ## - EDITION STATEMENT | |
| Edition statement | 9th |
| 260 ## - PUBLICATION, DISTRIBUTION, ETC. | |
| Place of publication, distribution, etc. | Malaysia, Sdn, Bhd |
| Name of publisher, distributor, etc. | Pearson |
| Date of publication, distribution, etc. | 2020 |
| 300 ## - PHYSICAL DESCRIPTION | |
| Extent | 1572p. |
| Other physical details | pb. |
| 440 ## - SERIES STATEMENT/ADDED ENTRY--TITLE | |
| Title | Organic Chemistry |
| 9 (RLIN) | 111731 |
| 505 ## - FORMATTED CONTENTS NOTE | |
| Statement of responsibility | Leroy G. Wade, Jan W. Simek Maya Shankar Singh |
| Title | Organic Chemistry |
| 600 ## - SUBJECT ADDED ENTRY--PERSONAL NAME | |
| Personal name | Leroy G. Wade, Jan W. Simek Maya Shankar Singh |
| 9 (RLIN) | 129027 |
| 700 ## - ADDED ENTRY--PERSONAL NAME | |
| Personal name | Leroy G. Wade, Jan W. Simek Maya Shankar Singh |
| 9 (RLIN) | 129027 |
| 760 ## - MAIN SERIES ENTRY | |
| Edition | 9th |
| 942 ## - ADDED ENTRY ELEMENTS (KOHA) | |
| Source of classification or shelving scheme | |
| Koha item type | Book |
| Edition | 9th |
| Call number prefix | 547 WAD 2020 |
| Call number suffix | 547 WAD 2020 |
| Withdrawn status | Lost status | Source of classification or shelving scheme | Damaged status | Not for loan | Permanent Location | Current Location | Shelving location | Date acquired | Total Checkouts | Full call number | Barcode | Date last seen | Price effective from | Koha item type |
|---|---|---|---|---|---|---|---|---|---|---|---|---|---|---|
| School of Natural Sciences (SNS) | School of Natural Sciences (SNS) | General Stacks | 04/15/2025 | 547 WAD 2020 | SNS0003207 | 05/16/2025 | 05/16/2025 | Book |
